[Event "Stay Safe Play From Home 379"]
[Site "Emanuel Lasker Arena"]
[Date "2020.08.13"]
[Round "8"]
[White "NTBT_DHS"]
[Black "Lazieri3"]
[Result "1-0"]
[WhiteElo "2522"]
[BlackElo "2146"]
[Annotator "TA"]
[PlyCount "87"]
[EventDate "2020.08.13"]
[EventType "swiss (blitz)"]

{[%evp 9,86,25,23,16,20,18,26,17,35,20,49,43,44,25,29,0,19,19,19,20,20,19,51,30,52,46,45,31,43,19,37,16,39,39,38,31,57,35,42,0,0,0,0,-3,0,0,4,-4,-5,-23,-8,-42,-31,-77,-17,-14,-12,-5,1167,1199,1197,1183,6717,29954,6414,6342,29995,29996,29996,29997,29997,29996,29996,29997,29997,29997,29998,29999,29999]} 1. d4 c6 2. Nc3 d5 3. Bf4 Nf6 4. f3 Bf5 5. g4 Bg6 6. h4 {[#] And now h5 would win. D00: 1 d4 d5: Unusual lines.} h6 7. e3 e6 8. Bd3 {White has an edge.} Bxd3 9. Qxd3 Bd6 10. Nge2 Bxf4 11. exf4 (11. Nxf4 {seems wilder.} Qe7 12. O-O-O Na6 13. Kb1 O-O-O 14. Qe2) 11... Qd6 {[#]} 12. O-O-O $146 ({Predecessor:} 12. Qe3 Nbd7 13. Nc1 c5 14. Nd3 cxd4 15. Qxd4 Qb6 16. Qxb6 Nxb6 17. Nb5 Ke7 18. O-O-O {1-0 (32) Kourousis,E (2378)-Jedlicka,A (2192) Prague 2016}) 12... Nbd7 13. h5 O-O-O 14. Kb1 Kb8 15. Qe3 Rde8 16. Rde1 c5 17. dxc5 Qxc5 18. Nd4 Nb6 19. Qd3 (19. Qe5+ {is interesting.} Kc8 20. Nb3 Qc6 21. Qd4 Qc4 22. Rd1) 19... Qc4 20. Rd1 Qxd3 21. Rxd3 a6 22. Re1 Nfd7 23. Nb3 Rc8 24. f5 exf5 $1 25. Nxd5 fxg4 26. fxg4 Nxd5 27. Rxd5 Nf6 28. Rd4 Rhe8 29. Red1 Re2 30. c3 Rce8 31. Na5 Rg2 ({Black should play} 31... R8e4 $17) 32. Rb4 b5 33. a4 $36 {[%mdl 2048] Black is under pressure.} Re5 $2 {[%mdl 8192] Black cannot hold the game after this.} (33... Rxg4 $11 34. Rxg4 Nxg4) 34. Nc6+ $18 {[%mdl 64] [#] Double Attack} Kb7 35. Nxe5 Kb6 36. axb5 axb5 37. Rd6+ Kc5 38. Rbd4 {[%cal Re5d3] White mates.} Rg1+ 39. Ka2 {[%cal Re5d3]} b4 40. Nd3+ Kb5 41. Rxb4+ Ka5 42. c4 Ne4 43. Rb5+ Ka4 44. Ra6# {Accuracy: White = 88%, Black = 76%.} 1-0

[Event "Stay Safe Play From Home 379"]
[Site "Emanuel Lasker Arena"]
[Date "2020.08.13"]
[Round "8"]
[White "AChessPlayer"]
[Black "Lamborghini"]
[Result "1/2-1/2"]
[WhiteElo "2503"]
[BlackElo "2255"]
[Annotator "TA"]
[PlyCount "125"]
[EventDate "2020.08.13"]
[EventType "swiss (blitz)"]

{[%evp 12,125,14,-4,0,-60,33,34,33,42,29,-25,-9,-34,-10,-12,2,-11,50,46,45,13,56,63,56,-104,-97,-217,-193,-229,-209,-182,0,0,0,0,0,0,0,0,0,0,0,0,0,0,0,0,0,0,0,0,0,0,0,0,0,0,0,0,0,0,0,0,0,0,0,0,0,0,0,0,0,0,0,0,0,0,0,0,0,0,0,0,0,0,0,0,0,0,0,0,0,0,0,0,0,0,0,0,0,0,0,0,0,0,0,0,0,0,0,0,0,0,0,-8]} 1. Nf3 Nf6 2. g3 g6 3. Bg2 Bg7 4. O-O O-O 5. d4 c6 6. Nbd2 d5 7. Ne5 Nfd7 {D02: 1 d4 d5 2 Nf3 sidelines, including 2...Nf6 3 g3 and 2...Nf6 3 Bf4.} 8. Nd3 (8. Nef3 $11) 8... e5 ({Better is} 8... Bxd4 $15 9. e4 Nb6) 9. dxe5 $14 Nxe5 {White is slightly better.} 10. Nxe5 Bxe5 11. Nf3 (11. e4 $142) 11... Bg7 12. c3 {[#]} Qb6 $146 ({Predecessor:} 12... Nd7 13. Be3 Nb6 14. Bd4 Bf5 15. Bxg7 Kxg7 16. Qd4+ Qf6 17. Nh4 Bd7 18. Nf3 Qxd4 19. cxd4 Rfe8 20. e3 Bf5 21. Rfc1 Be4 {½-½ (21) Trebbin,W (1865)-Mayer,H (1720) Berlin 2015}) 13. Qb3 Na6 14. Be3 Qxb3 (14... Qa5 $11) 15. axb3 Re8 16. b4 Bf5 17. Rfe1 Be4 18. Bd4 $2 (18. h4 $14 {keeps the upper hand.}) 18... Bxf3 $1 $17 19. exf3 (19. Bxf3 $17 {was the only defense.} Bxd4 20. cxd4) 19... Bxd4 $19 20. Rxe8+ Rxe8 21. cxd4 $17 {[%mdl 4096] Endgame KRB-KRN} Re2 $2 (21... Nxb4 $19 {Strongly threatening ...Nc2.} 22. Kf1 Nc2) 22. Bf1 $11 {The position is equal.} Rxb2 23. Bxa6 bxa6 24. Rxa6 Rxb4 25. Rxc6 Rxd4 {KR-KR} 26. Ra6 Rd3 27. Kg2 d4 28. Rxa7 Kg7 29. Ra6 Rd1 30. Rd6 g5 31. h3 h6 32. f4 gxf4 33. g4 Rd3 34. h4 f6 35. h5 Kf7 36. Rd7+ Ke6 37. Rd8 Rd1 38. Kf3 Ke5 39. Re8+ Kd5 40. Kxf4 Kc4 41. Rc8+ Kd3 42. Kf5 Rf1 43. f4 Ke3 44. Re8+ Kd2 45. Rd8 d3 46. Kxf6 {f5 is the strong threat.} Rxf4+ {[%mdl 64] [#] Double Attack} 47. Kg6 Rxg4+ 48. Kxh6 Ke3 {Hoping for ...d2.} 49. Re8+ Re4 50. Rd8 d2 {[#]} (50... Rd4 {with more complications.} 51. Rxd4 Kxd4 52. Kg6 d2 53. h6 d1=Q) 51. Rxd2 $1 {[%mdl 512]} Kxd2 {KR-KP} 52. Kg7 Rg4+ 53. Kf6 Rh4 54. Kg6 Rh1 55. h6 Ke3 56. h7 Ke4 57. Kg7 Rg1+ 58. Kf7 Rf1+ 59. Kg7 Rg1+ 60. Kf7 Rh1 61. Kg7 Kf5 62. h8=Q Rxh8 63. Kxh8 {Accuracy: White = 79%, Black = 85%.} 1/2-1/2

[Event "Stay Safe Play From Home 379"]
[Site "Emanuel Lasker Arena"]
[Date "2020.08.13"]
[Round "8"]
[White "IceQueen"]
[Black "MihailoVujic"]
[Result "0-1"]
[WhiteElo "2352"]
[BlackElo "2233"]
[Annotator "TA"]
[PlyCount "110"]
[EventDate "2020.08.13"]
[EventType "swiss (blitz)"]

{[%evp 21,110,0,0,-202,-200,-206,-89,-84,-88,-104,-104,-137,-128,-134,-105,-106,-108,-129,-125,-123,-126,-148,-108,-108,-102,-94,-81,-73,-79,-81,-42,-154,-144,-160,-35,-40,-41,-53,-35,-35,-35,-35,-44,-40,-12,-12,-12,-41,-13,-242,-184,-717,-714,-664,-597,-662,-659,-613,-606,-708,-678,-489,-557,-29989,-29990,-29990,-29987,-29987,-29988,-29988,-29988,-29988,-29989,-29989,-29990,-29991,-29992,-29992,-29993,-29995,-29993,-29994,-29995,-29995,-29995,-29995,-29996,-29996,-29997,-29997,-29996]} 1. d4 d5 2. Nf3 Nc6 3. c4 Bg4 4. e3 e5 5. cxd5 Qxd5 6. Nc3 Bb4 7. Be2 exd4 8. exd4 Bxf3 9. Bxf3 Qc4 10. Qb3 Qxb3 11. axb3 Nxd4 {[#]} 12. Ra4 $146 {C44: Ponziani Opening and Scotch Gambit.} (12. Bxb7 $11 Rb8 13. Rxa7) ({Predecessor:} 12. Bxb7 Nc2+ 13. Ke2 Nxa1 14. Bc6+ Kf8 15. Bxa8 Nxb3 16. Be3 Nf6 17. Rd1 Ke7 18. Bc6 a5 19. Nd5+ Nxd5 20. Rxd5 Rd8 21. Rh5 h6 22. Ba4 Nd4+ 23. Bxd4 Rxd4 24. Re5+ {1-0 (24) Grabinsky,V (2219)-Vivas Zamora,F (2344) chess.com INT 2020}) 12... Nxf3+ $19 13. gxf3 Bxc3+ (13... a5 $19 {has better winning chances.} 14. Rg1 g6) 14. bxc3 $17 {Black is better.} Ne7 15. Re4 Kd7 16. Ke2 {aiming for Rd1+.} Rae8 17. Be3 Nc6 18. Rg1 g6 19. Ra1 a6 20. Rd1+ Kc8 21. b4 Rxe4 22. fxe4 {[%mdl 4096] Endgame KRB-KRN} Re8 23. f3 f5 24. exf5 gxf5 {...f4 is the strong threat.} 25. Kf2 Ne5 26. Rg1 (26. Rd5 $15) 26... Nd3+ 27. Ke2 {[#]} f4 (27... Nxb4 $1 $17 {[%mdl 512]} 28. cxb4 f4 {[%mdl 64] Pin}) 28. Kxd3 $15 Rxe3+ {[%mdl 64] Double Attack. KR-KR} 29. Kd4 Rxf3 {White must now prevent ...b6.} 30. Rg8+ Kd7 31. Rg7+ Kc6 {Threatens to win with ...Rh3.} 32. Rxh7 Rf1 33. Rh6+ Kb5 34. Rh5+ Ka4 35. h4 $2 {This costs White the game.} (35. Rh7 $1 $11) 35... f3 36. Kc4 $2 (36. Ke3) 36... b5+ $19 37. Kd3 f2 {( -> ...Rd1+)} 38. Ke2 Rc1 39. Kxf2 {next Rc5 is good for White.} Rxc3 40. Rh7 Rc4 41. h5 Kxb4 42. Rxc7 Rxc7 {KR-KP. Black mates.} 43. Kg3 Rh7 44. Kg4 {[#]} Rxh5 $1 45. Kxh5 {KP-KP} a5 46. Kg4 a4 47. Kf3 a3 48. Ke2 a2 49. Kd2 a1=Q 50. Kd3 Qc3+ 51. Ke2 Kc4 52. Kf2 b4 {[%cal Bb5b4,Bb4b3,Bb3b2][%mdl 32]} 53. Ke2 b3 54. Kf2 b2 55. Ke2 Qc2+ {Accuracy: White = 55%, Black = 65%.} 0-1

[Event "Stay Safe Play From Home 379"]
[Site "Emanuel Lasker Arena"]
[Date "2020.08.13"]
[Round "8"]
[White "Mepe_Nika"]
[Black "TheCHESSHOUSE"]
[Result "1-0"]
[WhiteElo "2319"]
[BlackElo "2010"]
[Annotator "TA"]
[PlyCount "159"]
[EventDate "2020.08.13"]
[EventType "swiss (blitz)"]

{[%evp 9,159,-4,26,-9,-10,-41,-2,-52,-2,-35,10,-52,-46,-45,-42,-56,-53,-61,-56,-56,-56,-77,-78,-69,-52,-61,-55,-86,-50,-192,-136,-131,-131,-139,-105,-137,-127,-117,-119,-127,-106,-129,-16,-162,-153,-152,-41,-755,-270,-303,-296,-667,-270,-573,-287,-718,-618,-616,-581,-564,-495,-639,-400,-427,-100,-243,-220,-303,-109,-548,60,62,413,70,259,249,411,338,29985,108,29979,29980,29991,29992,29992,29993,29994,29994,29994,29993,29994,29992,29993,29994,29996,29997,29997,29997,29997,29980,29980,29978,29978,29979,29979,29979,29979,29978,29978,29979,29980,29981,29981,29981,29982,29983,29984,29983,29984,29985,29985,29984,29984,0,29985,0,29984,29983,29985,29986,29986,29987,29990,29985,29990,29991,29991,29992,29994,29994,29996,29997,29998,29999,29999,29998,29998,29998,29998,29998,29998,29997]} 1. g3 Nf6 2. Bg2 g6 3. c4 Bg7 4. Nc3 O-O 5. Rb1 d6 6. b4 {A16: English Opening: 1...Nf6 with ...d5.} c6 7. a4 e5 {[#]} 8. b5 $146 {The position is equal.} ({Predecessor:} 8. Ba3 Be6 9. d3 Qd7 10. h3 Rd8 11. Nf3 h6 12. Nd2 d5 13. cxd5 cxd5 14. Nb3 {1-0 (51) McLaren,T (1521)-Govindaraj,N (1087) Cardiff 2015}) 8... Bf5 9. d3 Qc7 10. a5 (10. e4 $11 Be6 11. Nf3) 10... Qxa5 $15 11. Bd2 Qc7 12. Nf3 Nbd7 13. O-O Nc5 14. Nh4 Be6 15. bxc6 bxc6 16. Nf3 Rab8 17. Ng5 Bd7 18. h4 h6 19. Nh3 {[#]} (19. Nge4 $15) 19... Kh7 (19... d5 $1 $19 {[%mdl 512]} 20. cxd5 cxd5) 20. Qc2 $17 Bf5 21. Kh2 Qd7 22. Ng1 d5 23. cxd5 cxd5 {...e4 is the strong threat.} 24. Nxd5 Ng4+ 25. Kh1 Ne6 (25... Rbc8 $1 $17 {aiming for ...Nxd3.} 26. Nc3 Rfd8) 26. Nh3 (26. Rxb8 $11 Rxb8 27. e4) 26... Nd4 $36 {[%mdl 2112] Double Attack. Black is really pushing.} 27. Qa2 {[#]} Nxe2 (27... Rxb1 $1 $17 28. Rxb1 Nxe2) 28. Ne3 $2 {[%mdl 8192]} (28. Bb4 $15 Bxd3 29. Bxf8 Rxf8 30. Rbd1) 28... Bxd3 $2 (28... Nxe3 29. Rxb8 Nxg2 30. Rxf8 Nxh4 31. gxh4 Be6) 29. Rxb8 Rxb8 30. Rd1 $2 {[#]} (30. Nxg4 Qxg4 31. Re1) 30... Bf5 (30... Be4 $142 $1 {[%mdl 512] Hoping for ...Nxe3.} 31. Nxg4 (31. Bxe4 Nxe3) 31... Qxg4) 31. Bc3 $2 (31. Be1 {is a better chance.} Nd4 32. Nxf5 Qxf5 33. Ng1) 31... Qb5 32. Ba1 $2 (32. Nxf5 Nxc3 33. Qxf7 gxf5 34. Qxf5+ Kh8 35. Rc1) 32... Nxe3 33. fxe3 Nxg3+ 34. Kh2 Ne4 35. Qxf7 Rb7 36. Qa2 Bxh3 $2 (36... Qb6 $19 37. Qe2 Qf6) 37. Bxh3 (37. Bxe4 $17 {was forced.} Qb3 {[%mdl 64] Double Attack} 38. Qd2) 37... Nf6 38. Bg2 e4 $2 (38... Ng4+ $19 {and Black stays clearly on top.} 39. Kg3 Nxe3) 39. Qe6 $2 {[%mdl 8192]} (39. Rd8 $17 h5 40. Bxf6 Bxf6 41. Qg8+ Kh6 42. Qf8+ Bg7 43. Qf4+ Kh7 44. Qxe4 Be5+ 45. Kh3) 39... Ng4+ $2 (39... Qe2 $19 {And now ...Ng4+ would win.} 40. Rg1 Ng4+ {[%mdl 64] Double Attack} 41. Kh1 h5) 40. Qxg4 $14 Qf5 $2 {[%mdl 8192]} ({Black should play} 40... Bxa1 $14 41. h5 Be5+ 42. Kh1 Qc6) 41. Qh3 $2 (41. Qxf5 $18 {Intending Qc8 and mate.} gxf5 42. Bh3) 41... Qxh3+ $2 ({Black should try} 41... Qh5 $1 $14 42. Bxg7 Qxd1) 42. Kxh3 $18 Rf7 $2 (42... a5 43. Bxe4 Re7) 43. Kh2 Rf3 $2 (43... a5 $18 44. h5 Bxa1) 44. Rd6 $2 (44. Rd7 Kg8 45. Rxg7+ {[%mdl 64] Double Attack} Kh8 46. Bxf3 exf3 47. Rxg6+ Kh7 48. Rg7+ {[%mdl 64] Double Attack} Kh8 49. Kg3) 44... Rf2 $2 {[%mdl 8192] [#]} (44... Bxa1 $16 45. Rd7+ {[%mdl 64] Double Attack} Kg8) 45. Rd7 $1 {[%mdl 64] Double Attack} Rxg2+ 46. Kxg2 Kh8 47. Rxg7 h5 48. Rxg6+ Kh7 49. Rg5 Kh6 50. Ra5 Kg6 51. Rxa7 Kf5 52. Ra6 Kg4 53. Ra5 Kxh4 {[#]} 54. Rxh5+ $3 Kxh5 {[%mdl 4096] Endgame KB-KP} 55. Kf2 Kg4 56. Ke2 Kf5 57. Bb2 Kg4 58. Bc3 Kf5 59. Bd4 Kg4 60. Kd2 Kf5 61. Kc3 Kg4 62. Kc4 Kf3 63. Kc5 Kg4 64. Kd5 Kf5 65. Kd6 Kg4 66. Kd5 $2 (66. Ke5 {mates} Kh3 67. Kxe4 Kh4 68. Kd5 Kg5 69. e4 Kg6 70. e5 Kg7 71. e6+ Kf8 72. Kd6) 66... Kf3 $2 {[%mdl 8192]} (66... Kf5 $11 67. Bc3 Kg6 68. Kxe4 Kf7 69. Kd5 Kf8 70. e4 Ke8 71. e5 Kf7) 67. Kd6 Kg4 $1 68. Kc5 {White mates.} Kf5 69. Kd5 Kg4 70. Kxe4 Kg3 71. Kd3 Kf2 72. e4+ Ke1 73. e5 Kd1 74. e6 Kc1 75. e7 Kd1 76. e8=Q Kc1 77. Qe3+ Kb1 78. Qe1+ Ka2 79. Qd2+ Kb3 80. Qc3+ {Quite a comeback for White. Accuracy: White = 42%, Black = 39%.} 1-0

[Event "Stay Safe Play From Home 379"]
[Site "Emanuel Lasker Arena"]
[Date "2020.08.13"]
[Round "8"]
[White "Yuriko"]
[Black "Sfantul321"]
[Result "0-1"]
[WhiteElo "2021"]
[BlackElo "1963"]
[Annotator "NA"]
[PlyCount "143"]
[EventDate "2020.08.13"]
[EventType "swiss (blitz)"]

1. d4 {[%emt 0:00:02]} g6 {[%emt 0:00:00]} 2. c4 {[%emt 0:00:00]} Bg7 {[%emt 0:00:00]} 3. Nc3 {[%emt 0:00:01]} d6 {[%emt 0:00:00]} 4. d5 {[%emt 0:00:00]} Nf6 {[%emt 0:00:00]} 5. e4 {[%emt 0:00:00]} O-O {[%emt 0:00:01]} 6. Nf3 {[%emt 0:00:01]} c6 {[%emt 0:00:00]} 7. Be2 {[%emt 0:00:00]} cxd5 {[%emt 0:00:00]} 8. cxd5 {[%emt 0:00:00]} Bg4 {[%emt 0:00:01]} 9. O-O {[%emt 0:00:00]} Na6 {[%emt 0:00:02]} 10. Re1 {[%emt 0:00:00]} Nc5 {[%emt 0:00:02]} 11. Bf1 {[%emt 0:00:00]} Qc8 {[%emt 0:00:02]} 12. h3 {[%emt 0:00:01]} Bxf3 {[%emt 0:00:01]} 13. gxf3 {[%emt 0:00:01]} Rd8 {[%emt 0:00:01]} 14. a3 {[%emt 0:00:01]} a5 {[%emt 0:00:01]} 15. Rb1 {[%emt 0:00:01]} e6 {[%emt 0:00:01]} 16. dxe6 {[%emt 0:00:01]} Nxe6 {[%emt 0:00:01]} 17. Be3 {[%emt 0:00:01]} Qc6 {[%emt 0:00:02]} 18. Qd2 {[%emt 0:00:01]} d5 {[%emt 0:00:01]} 19. exd5 {[%emt 0:00:03]} Nxd5 {[%emt 0:00:01]} 20. Nxd5 {[%emt 0:00:00]} Rxd5 {[%emt 0:00:01]} 21. Qe2 {[%emt 0:00:01]} Rad8 {[%emt 0:00:01]} 22. Red1 {[%emt 0:00:01]} Rxd1 {[%emt 0:00:01]} 23. Rxd1 {[%emt 0:00:00]} Rxd1 {[%emt 0:00:01]} 24. Qxd1 {[%emt 0:00:00]} h6 {[%emt 0:00:00]} 25. Bg2 {[%emt 0:00:01]} Kh7 {[%emt 0:00:01]} 26. f4 {[%emt 0:00:00]} Qc4 {[%emt 0:00:03]} 27. Qb1 {[%emt 0:00:02]} Nxf4 {[%emt 0:00:02]} 28. Bxf4 {[%emt 0:00:02]} Qxf4 {[%emt 0:00:01]} 29. Qc2 {[%emt 0:00:03]} b5 {[%emt 0:00:02]} 30. b3 {[%emt 0:00:01]} Bd4 {[%emt 0:00:03]} 31. a4 {[%emt 0:00:02]} bxa4 {[%emt 0:00:01]} 32. bxa4 {[%emt 0:00:01]} Bb6 {[%emt 0:00:02]} 33. Qa2 {[%emt 0:00:00]} Qd4 {[%emt 0:00:02]} 34. Qxf7+ {[%emt 0:00:02]} Qg7 {[%emt 0:00:02]} 35. Qxg7+ {[%emt 0:00:02]} Kxg7 {[%emt 0:00:01]} 36. Kf1 {[%emt 0:00:00]} Kf6 {[%emt 0:00:00]} 37. Ke2 {[%emt 0:00:00]} Ke5 {[%emt 0:00:00]} 38. Kd3 {[%emt 0:00:00]} Bxf2 {[%emt 0:00:01]} 39. Kc4 {[%emt 0:00:01]} Be1 {[%emt 0:00:00]} 40. Bf3 {[%emt 0:00:02]} Kf4 {[%emt 0:00:01]} 41. Be2 {[%emt 0:00:01]} Kg3 {[%emt 0:00:01]} 42. Bf1 {[%emt 0:00:01]} g5 {[%emt 0:00:01]} 43. Kd3 {[%emt 0:00:00]} h5 {[%emt 0:00:01]} 44. Ke2 {[%emt 0:00:01]} Bb4 {[%emt 0:00:01]} 45. Ke3 {[%emt 0:00:01]} g4 {[%emt 0:00:00]} 46. hxg4 {[%emt 0:00:01]} hxg4 {[%emt 0:00:00]} 47. Ke2 {[%emt 0:00:00]} Kh2 {[%emt 0:00:01]} 48. Kf2 {[%emt 0:00:01]} Bc5+ {[%emt 0:00:01]} 49. Ke2 {[%emt 0:00:01]} Kg1 {[%emt 0:00:01]} 50. Ke1 {[%emt 0:00:02]} g3 {[%emt 0:00:01]} 51. Bh3 {[%emt 0:00:01]} g2 {[%emt 0:00:01]} 52. Ke2 {[%emt 0:00:02]} Kh2 {[%emt 0:00:01]} 53. Bxg2 {[%emt 0:00:00]} Kxg2 {[%emt 0:00:01]} 54. Kd3 {[%emt 0:00:01]} Bb4 {[%emt 0:00:01]} 55. Kc4 {[%emt 0:00:00]} Kf2 {[%emt 0:00:00]} 56. Kb5 {[%emt 0:00:00]} Ke2 {[%emt 0:00:00]} 57. Kc4 {[%emt 0:00:00]} Kd2 {[%emt 0:00:00]} 58. Kb3 {[%emt 0:00:00]} Kc1 {[%emt 0:00:01]} 59. Ka2 {[%emt 0:00:00]} Kc2 {[%emt 0:00:01]} 60. Ka1 {[%emt 0:00:01]} Kb3 {[%emt 0:00:01]} 61. Kb1 {[%emt 0:00:01]} Kxa4 {[%emt 0:00:00]} 62. Ka1 {[%emt 0:00:00]} Bc3+ {[%emt 0:00:00]} 63. Kb1 {[%emt 0:00:00]} Kb3 {[%emt 0:00:01]} 64. Kc1 {[%emt 0:00:02]} a4 {[%emt 0:00:00]} 65. Kd1 {[%emt 0:00:00]} a3 {[%emt 0:00:00]} 66. Ke2 {[%emt 0:00:00]} a2 {[%emt 0:00:00]} 67. Kd3 {[%emt 0:00:00]} a1=Q {[%emt 0:00:00]} 68. Ke4 {[%emt 0:00:00]} Qe1+ {[%emt 0:00:01]} 69. Kd5 {[%emt 0:00:00]} Qe3 {[%emt 0:00:01]} 70. Kc6 {[%emt 0:00:01]} Qg5 {[%emt 0:00:01]} 71. Kd7 {[%emt 0:00:00]} Kc4 {[%emt 0:00:00]} 72. Kc6 {[%emt 0:00:00] Time Time Time Yuriko resigns Yuriko resigns Yuriko resigns (Lag: Av=0.30s, max=0.6s) (Lag: Av=0.30s, max=0.6s) (Lag: Av=0.30s, max=0.6s)} 0-1

[Event "Stay Safe Play From Home 379"]
[Site "Emanuel Lasker Arena"]
[Date "2020.08.13"]
[Round "8"]
[White "Stefanone"]
[Black "Broken sword"]
[Result "0-1"]
[WhiteElo "1983"]
[BlackElo "2489"]
[Annotator "TA"]
[PlyCount "60"]
[EventDate "2020.08.13"]
[EventType "swiss (blitz)"]

{[%evp 12,60,-8,0,-5,-24,-20,-26,0,0,0,-10,20,20,15,29,28,31,53,51,115,45,63,37,70,0,0,-75,16,-57,-16,-36,-34,-43,-35,-82,-8,-91,-18,-19,-10,-186,-70,-168,-140,-622,-206,-197,-184,-1075,-802]} 1. d4 c5 2. e3 cxd4 3. exd4 d5 4. Nf3 Nf6 5. b3 Nc6 6. Bb2 Bg4 7. Be2 e6 {D04: Colle System.} 8. Ne5 Bxe2 9. Qxe2 {[#]} Bb4+ $146 {Black has an edge.} ({Predecessor:} 9... Bd6 10. Nd2 O-O 11. O-O Rc8 12. Rac1 Qa5 13. a3 b5 14. b4 Qb6 15. Nb3 Rfd8 {0-1 (70) Sondergaard,G-May,H Aarhus 1995}) 10. c3 {[#] And now Nxc6 would win.} Bd6 11. f4 Bxe5 12. fxe5 Ne4 13. O-O O-O 14. Nd2 Nxd2 15. Qxd2 Rc8 (15... f5 $14) 16. Rab1 (16. Ba3 $16) 16... Ne7 17. Rbc1 Ng6 18. c4 (18. Ba3 $14) 18... dxc4 $11 19. bxc4 (19. Ba3 $11 Re8 20. Qf2 (20. Rxc4 Qd7 $11)) 19... Qd7 (19... Nxe5 $1 $17 20. Qe2 Ng6) 20. c5 ({White should play} 20. Ba3 $11) 20... Qd5 21. Bc3 Rfd8 22. Qf2 Rd7 23. h4 Nf8 (23... h5 $17) 24. Rce1 (24. Bb2 $11) 24... Rcc7 (24... b6 $17) 25. h5 h6 26. g4 $2 (26. Rb1 $11 {and White is okay.}) 26... Nh7 (26... b6 $19 {[%cal Rb6c5]} 27. Rb1 bxc5) 27. Rd1 ({White should try} 27. Qg2 $15) 27... b6 28. cxb6 $2 {[%mdl 8192]} (28. Qg2 $17) 28... axb6 $2 (28... Rxc3 29. Qg2 axb6 30. Qxd5 Rxd5) 29. Ba1 Ng5 {[#] aiming for ...Nh3+.} 30. Bb2 $2 (30. Qg2) 30... Nh3+ {[%mdl 64] Double Attack. Accuracy: White = 28%, Black = 36%.} 0-1

[Event "Stay Safe Play From Home 379"]
[Site "Emanuel Lasker Arena"]
[Date "2020.08.13"]
[Round "8"]
[White "Ao017545"]
[Black "Stepmaker"]
[Result "1-0"]
[WhiteElo "1609"]
[BlackElo "1400"]
[Annotator "NA"]
[PlyCount "109"]
[EventDate "2020.08.13"]
[EventType "swiss (blitz)"]

1. e4 {[%emt 0:00:02]} e5 {[%emt 0:00:01]} 2. Nf3 {[%emt 0:00:01]} Nc6 {[%emt 0:00:00]} 3. Nc3 {[%emt 0:00:01]} d6 {[%emt 0:00:00]} 4. Bc4 {[%emt 0:00:00]} Be6 {[%emt 0:00:00]} 5. Bxe6 {[%emt 0:00:03]} fxe6 {[%emt 0:00:01]} 6. d3 {[%emt 0:00:03]} Nf6 {[%emt 0:00:01]} 7. Ng5 {[%emt 0:00:02]} Be7 {[%emt 0:00:00]} 8. Nb5 {[%emt 0:00:01]} O-O {[%emt 0:00:01]} 9. Nxe6 {[%emt 0:00:01]} Qd7 {[%emt 0:00:02]} 10. Nxf8 {[%emt 0:00:04]} Rxf8 {[%emt 0:00:00]} 11. O-O {[%emt 0:00:02]} a6 {[%emt 0:00:01]} 12. Nc3 {[%emt 0:00:02]} Nd4 {[%emt 0:00:01]} 13. Ne2 {[%emt 0:00:01]} c5 {[%emt 0:00:02]} 14. Ng3 {[%emt 0:00:00]} Ne6 {[%emt 0:00:01]} 15. Nf5 {[%emt 0:00:04]} Bd8 {[%emt 0:00:01]} 16. Bg5 {[%emt 0:00:03]} Nd4 {[%emt 0:00:02]} 17. f4 {[%emt 0:00:01]} Nxf5 {[%emt 0:00:01]} 18. exf5 {[%emt 0:00:02]} Qxf5 {[%emt 0:00:01]} 19. Bxf6 {[%emt 0:00:01]} Qxf6 {[%emt 0:00:01]} 20. fxe5 {[%emt 0:00:00]} Qxe5 {[%emt 0:00:01]} 21. Rxf8+ {[%emt 0:00:01]} Kxf8 {[%emt 0:00:00]} 22. Qf3+ {[%emt 0:00:00]} Kg8 {[%emt 0:00:01]} 23. Rf1 {[%emt 0:00:01]} Qe7 {[%emt 0:00:05]} 24. Qd5+ {[%emt 0:00:03]} Kh8 {[%emt 0:00:04]} 25. Qf7 {[%emt 0:00:03]} h6 {[%emt 0:00:09]} 26. Qf8+ {[%emt 0:00:02]} Qxf8 {[%emt 0:00:01]} 27. Rxf8+ {[%emt 0:00:01]} Kh7 {[%emt 0:00:00]} 28. Rxd8 {[%emt 0:00:00]} Kg6 {[%emt 0:00:00]} 29. Rxd6+ {[%emt 0:00:00]} Kf5 {[%emt 0:00:01]} 30. Rd5+ {[%emt 0:00:00]} Ke6 {[%emt 0:00:01]} 31. Rxc5 {[%emt 0:00:00]} Kd6 {[%emt 0:00:01]} 32. Rc4 {[%emt 0:00:00]} b5 {[%emt 0:00:02]} 33. Rg4 {[%emt 0:00:01]} g5 {[%emt 0:00:02]} 34. Re4 {[%emt 0:00:00]} Kd5 {[%emt 0:00:01]} 35. g4 {[%emt 0:00:00]} Kd6 {[%emt 0:00:01]} 36. h3 {[%emt 0:00:00]} Kc6 {[%emt 0:00:01]} 37. b4 {[%emt 0:00:00]} Kb6 {[%emt 0:00:03]} 38. c3 {[%emt 0:00:00]} a5 {[%emt 0:00:01]} 39. a3 {[%emt 0:00:00]} axb4 {[%emt 0:00:01]} 40. axb4 {[%emt 0:00:00]} Kc6 {[%emt 0:00:00]} 41. Rd4 {[%emt 0:00:01]} Kc7 {[%emt 0:00:01]} 42. Kf2 {[%emt 0:00:00]} Kc6 {[%emt 0:00:00]} 43. Ke3 {[%emt 0:00:00]} Kb6 {[%emt 0:00:00]} 44. Ke4 {[%emt 0:00:00]} Kc6 {[%emt 0:00:00]} 45. Kf5 {[%emt 0:00:00]} Kc7 {[%emt 0:00:00]} 46. Kg6 {[%emt 0:00:00]} Kc6 {[%emt 0:00:00]} 47. Kxh6 {[%emt 0:00:00]} Kb6 {[%emt 0:00:00]} 48. Kxg5 {[%emt 0:00:00]} Kc6 {[%emt 0:00:00]} 49. h4 {[%emt 0:00:00]} Kc7 {[%emt 0:00:01]} 50. h5 {[%emt 0:00:00]} Kb6 {[%emt 0:00:02]} 51. h6 {[%emt 0:00:00]} Kc6 {[%emt 0:00:00]} 52. h7 {[%emt 0:00:00]} Kc7 {[%emt 0:00:00]} 53. h8=Q {[%emt 0:00:00]} Kb7 {[%emt 0:00:00]} 54. Kf5 {[%emt 0:00:01]} Kb6 {[%emt 0:00:00]} 55. g5 {[%emt 0:00:00] TimeB TimeB TimeB} 1-0